Statistics for Band... or Gang?

Click here to take the quiz!

General Stats

  • This quiz has been taken 24,044 times
  • The average score is 10 of 15

Answer Stats

QuestionAnswer% Correct
The Backstreet BoysBand
99%
Cosa NostraGang
95%
The CripsGang
82%
The Sugarhill GangBand
78%
18th Street GangGang
77%
Hells AngelsGang
77%
Violent FemmesBand
76%
2 Live CrewBand
75%
Latin KingsGang
73%
Wu-Tang ClanBand
71%
UB40Band
69%
The Chicago OutfitGang
66%
Black FlagBand
48%
The Purple GangGang
40%
Murder, Inc.Gang
22%

Score Distribution

Percentile by Number Answered

Percent of People with Each Score

Your Score History

You have not taken this quiz